[Event "Laval op"]
[Site "Laval CAN"]
[Date "2018.06.23"]
[Round "3.2"]
[White "Sakr, Nassim"]
[Black "Rodrigue-Lemieux, Shawn"]
[Result "0-1"]
[WhiteElo "2175"]
[BlackElo "2223"]
[PlyCount "102"]
[EventDate "2018.06.22"]
[EventType "swiss"]
[EventRounds "5"]
[EventCountry "CAN"]

1. e4 c6 2. d4 d5 3. exd5 cxd5 4. Bf4 Nc6 5. c3 Nf6 6. Bd3 Bg4 7. Nf3 e6 8.
Nbd2 Bd6 9. Bxd6 Qxd6 10. Qe2 a6 11. O-O O-O 12. h3 Bh5 13. Qe3 Nd7 14. Rae1 b5
15. a3 Bg6 16. Bxg6 hxg6 17. Ne5 Ncxe5 18. dxe5 Qb6 19. Qg3 a5 20. Nf3 Rfc8 21.
Ng5 Nf8 22. Re3 b4 23. axb4 axb4 24. Rd1 bxc3 25. bxc3 Ra4 26. Nf3 Qb2 27. Nd4
Ra3 28. Rdd3 Nd7 29. Rf3 Qb1+ 30. Kh2 Nc5 31. Qf4 Rc7 32. Qh4 Rd7 33. Rde3 Ra1
34. Nc6 Qh1+ 35. Kg3 g5 36. Qxg5 Rg1 37. Ne7+ Rxe7 38. Qxe7 Qxg2+ 39. Kh4 Qg6
40. Qd8+ Kh7 41. Rg3 Rxg3 42. Rxg3 Qh6+ 43. Kg4 Ne4 44. Kf3 Qh5+ 45. Kg2 Nxg3
46. fxg3 Qe2+ 47. Kg1 Qxe5 48. Qh4+ Kg6 49. Qg4+ Qg5 50. Qf3 Qf5 51. Qg2 Qd3
0-1

[Event "Montreal CC-ch"]
[Site "Montreal CAN"]
[Date "2018.06.08"]
[Round "1.3"]
[White "Rodrigue-Lemieux, Shawn"]
[Black "Nica, Ion"]
[Result "1-0"]
[WhiteElo "2341"]
[BlackElo "1609"]
[PlyCount "89"]
[EventDate "2018.06.08"]
[EventType "swiss"]
[EventRounds "5"]
[EventCountry "CAN"]

1. e4 c5 2. Nf3 g6 3. d4 cxd4 4. Nxd4 Bg7 5. Be3 Nc6 6. c4 Qa5+ 7. Nc3 Nxd4 8.
Bxd4 Bxd4 9. Qxd4 Nf6 10. e5 Nh5 11. O-O-O O-O 12. g4 Ng7 13. f4 d5 14. Qxd5
Qxd5 15. Nxd5 Bxg4 16. Nxe7+ Kh8 17. Rd2 Rfe8 18. Nd5 Bf3 19. Rg1 Ne6 20. Rf2
Bxd5 21. cxd5 Rac8+ 22. Kb1 Red8 23. Bg2 Nd4 24. Rd1 Nf5 25. Bh3 Ne3 26. Rd3
Nf5 27. Bxf5 gxf5 28. Rc2 Kg7 29. Rxc8 Rxc8 30. Rc3 Rd8 31. d6 Kg6 32. Rg3+ Kh6
33. Rg5 f6 34. Rxf5 fxe5 35. fxe5 Rd7 36. Kc2 b5 37. Kd3 a5 38. Kd4 b4 39. Kd5
b3 40. axb3 a4 41. bxa4 Rb7 42. e6 Rxb2 43. e7 Rxh2 44. e8=Q Rd2+ 45. Kc6 1-0

[Event "Montreal CC-ch"]
[Site "Montreal CAN"]
[Date "2018.06.09"]
[Round "2.3"]
[White "Turgeon, Yoakim"]
[Black "Rodrigue-Lemieux, Shawn"]
[Result "0-1"]
[WhiteElo "1838"]
[BlackElo "2341"]
[PlyCount "80"]
[EventDate "2018.06.08"]
[EventType "swiss"]
[EventRounds "5"]
[EventCountry "CAN"]

1. d4 c5 2. e3 cxd4 3. exd4 d5 4. f4 Nc6 5. Nf3 g6 6. Bd3 Bg7 7. c3 Nh6 8. Nbd2
O-O 9. Nf1 Rb8 10. h3 b5 11. g4 f5 12. g5 Nf7 13. h4 Bd7 14. Qe2 Nd6 15. Qh2
Ne4 16. h5 Be8 17. hxg6 Bxg6 18. Nh4 Qd6 19. Ne3 e6 20. Be2 Kf7 21. Nf3 b4 22.
Bd2 bxc3 23. bxc3 Qa3 24. Nd1 Na5 25. Bc1 Qa4 26. Ne5+ Bxe5 27. dxe5 Nb3 28.
Rb1 Qxa2 29. Rb2 Qa5 30. Bh5 Rg8 31. Bxg6+ hxg6 32. Qc2 Qb5 33. Rh7+ Rg7 34.
Rxg7+ Kxg7 35. Qh2 Rh8 36. Qg2 a5 37. Be3 a4 38. Qg1 Qd3 39. Rh2 Na1 40. Rxh8
Nc2# 0-1

[Event "Montreal CC-ch"]
[Site "Montreal CAN"]
[Date "2018.06.09"]
[Round "3.2"]
[White "Rodrigue-Lemieux, Shawn"]
[Black "Jacquet, Stephane"]
[Result "1-0"]
[WhiteElo "2341"]
[BlackElo "2044"]
[PlyCount "77"]
[EventDate "2018.06.08"]
[EventType "swiss"]
[EventRounds "5"]
[EventCountry "CAN"]

1. Nf3 Nf6 2. g3 d5 3. Bg2 e6 4. O-O Be7 5. d3 O-O 6. Nbd2 Nbd7 7. e4 dxe4 8.
dxe4 e5 9. Qe2 c6 10. a4 Qc7 11. b3 Re8 12. Bb2 a5 13. Rfd1 Bc5 14. Ne1 Nf8 15.
Nd3 Ba7 16. Nc4 Ng6 17. h4 h5 18. Ba3 Bg4 19. Bf3 Rad8 20. Ne3 Nxe4 21. Bxg4
Nc3 22. Qe1 hxg4 23. Qxc3 Bd4 24. Qe1 e4 25. Nb2 Ne5 26. Qe2 Nf3+ 27. Kg2 b5
28. c3 Bxc3 29. axb5 cxb5 30. Qxb5 Rb8 31. Qa4 Qb7 32. Bd6 Bxb2 33. Bxb8 Rxb8
34. Rab1 Bc3 35. Rd5 Bd2 36. Qxe4 Bxe3 37. Rd8+ Rxd8 38. Qxb7 Rd2 39. Qa8+ 1-0

[Event "Montreal CC-ch"]
[Site "Montreal CAN"]
[Date "2018.06.10"]
[Round "4.2"]
[White "Soudre, Nicolas"]
[Black "Rodrigue-Lemieux, Shawn"]
[Result "0-1"]
[WhiteElo "2240"]
[BlackElo "2341"]
[PlyCount "80"]
[EventDate "2018.06.08"]
[EventType "swiss"]
[EventRounds "5"]
[EventCountry "CAN"]

1. e4 c6 2. d4 d5 3. Nc3 dxe4 4. Nxe4 Nf6 5. Nxf6+ exf6 6. c3 Bd6 7. Bd3 O-O 8.
Qc2 Re8+ 9. Ne2 g6 10. h4 Nd7 11. h5 Nf8 12. Be3 Be6 13. O-O-O a5 14. Kb1 a4
15. c4 Qa5 16. Rc1 Red8 17. Rh4 b5 18. Ka1 a3 19. b3 c5 20. Bd2 Qa7 21. d5 bxc4
22. bxc4 Bd7 23. Bc3 Ba4 24. Qd2 Qe7 25. Re4 Be5 26. Bxe5 fxe5 27. f4 Nd7 28.
hxg6 hxg6 29. g4 Re8 30. Nc3 Qf6 31. Rce1 Qg7 32. fxe5 Nxe5 33. Bf1 Nf3 34.
Rxe8+ Bxe8 35. Qe3 Nxe1 36. Qxe1 Qd4 37. Kb1 Rb8+ 38. Kc1 Qf4+ 39. Kd1 Ba4+ 40.
Nxa4 Rb1+ 0-1

[Event "Ligue elite du dimanche"]
[Site "Montreal CAN"]
[Date "2018.05.27"]
[Round "2"]
[White "Zhu, Hong Rui"]
[Black "Rodrigue-Lemieux, Shawn"]
[Result "0-1"]
[WhiteElo "2298"]
[BlackElo "2330"]
[PlyCount "92"]
[EventDate "2018.05.26"]
[EventType "team"]
[EventRounds "3"]
[EventCountry "CAN"]
[WhiteTeam "GRINDERS"]
[BlackTeam "PODY"]

1. e4 c6 2. d4 d5 3. exd5 cxd5 4. Bd3 Nc6 5. c3 Qc7 6. Ne2 Bg4 7. f3 Bd7 8. f4
g6 9. O-O Nh6 10. Qb3 e6 11. Nd2 Bg7 12. Nf3 O-O 13. h3 b5 14. a3 a5 15. g4 f5
16. g5 Nf7 17. h4 Rfc8 18. h5 Nd6 19. Ne5 Be8 20. hxg6 hxg6 21. Bd2 Nc4 22.
Bxc4 dxc4 23. Qd1 a4 24. Qe1 Rd8 25. Rd1 Qb6 26. Qg3 Nxe5 27. fxe5 Bc6 28. Nf4
Kf7 29. Be3 Qb7 30. Rd2 Rh8 31. d5 Bxd5 32. Rxd5 exd5 33. e6+ Kg8 34. Nxg6 Rh7
35. Rxf5 d4 36. Rd5 Rh1+ 37. Kf2 dxe3+ 38. Qxe3 Re8 39. Rd7 Rh2+ 40. Kg3 Qg2+
41. Kf4 Qf1+ 42. Kg4 Qg2+ 43. Kf4 Rf8+ 44. Nxf8 Rh4+ 45. Kf5 Qg4+ 46. Kg6 Rh6#
0-1

[Event "Quebec-ch U20 inv."]
[Site "Montreal CAN"]
[Date "2018.04.20"]
[Round "1"]
[White "Tanaka, Tyler"]
[Black "Rodrigue-Lemieux, Shawn"]
[Result "0-1"]
[WhiteElo "2145"]
[BlackElo "2298"]
[PlyCount "168"]
[EventDate "2018.04.20"]
[EventType "tourn"]
[EventRounds "5"]
[EventCountry "CAN"]

1. e4 c6 2. Nc3 d5 3. Nf3 Nf6 4. e5 Ne4 5. Ne2 Qb6 6. d4 e6 7. Ng3 c5 8. Bd3
Nxg3 9. hxg3 cxd4 10. a3 Nc6 11. Qe2 Be7 12. g4 Bd7 13. Kf1 O-O-O 14. g3 Kb8
15. Kg2 Ka8 16. Bd2 f6 17. Bf4 Rdf8 18. g5 fxg5 19. Bxg5 Bxg5 20. Nxg5 h6 21.
Nf3 g5 22. b4 Be8 23. b5 Na5 24. Qd2 g4 25. Nh4 Nc4 26. Qe2 Rhg8 27. a4 Na5 28.
Rhe1 Rg5 29. Rab1 Bh5 30. Qd2 Rf7 31. Qb4 Rg8 32. Qd2 Rh8 33. Rbd1 Qc7 34. Qb4
Qc3 35. Qd6 Re8 36. Kg1 b6 37. Ng6 Rc7 38. Rb1 Nb7 39. Qb4 Nc5 40. Nf4 Bf7 41.
Ne2 Nxd3 42. cxd3 Qxd3 43. Qxd4 Qxd4 44. Nxd4 Rc4 45. Nc6 Rc8 46. a5 bxa5 47.
Nxa5 R4c5 48. Rb4 h5 49. Nc6 Be8 50. Nd4 Bg6 51. b6 axb6 52. Rxb6 Rc1 53. Ra6+
Kb7 54. Ra1 Rxa1 55. Rxa1 Bf5 56. Nxf5 exf5 57. e6 Re8 58. Re1 Kc6 59. Re5 d4
60. Kf1 Kd6 61. Rxf5 Rxe6 62. Rxh5 Re5 63. Rh8 Kc5 64. Rc8+ Kb4 65. Rb8+ Kc3
66. Ra8 d3 67. Rc8+ Kd2 68. Ra8 Kc2 69. Rc8+ Kd1 70. Rc4 d2 71. Rxg4 Kc2 72.
Rd4 Re1+ 73. Kg2 d1=Q 74. Rxd1 Rxd1 75. g4 Kd3 76. Kf3 Kd4 77. Kf4 Rf1 78. Kf5
Rxf2+ 79. Ke6 Rg2 80. Kf5 Kd5 81. g5 Rf2+ 82. Kg6 Ke6 83. Kg7 Kf5 84. g6 Rg2
0-1

[Event "Quebec-ch U20 inv."]
[Site "Montreal CAN"]
[Date "2018.04.21"]
[Round "3"]
[White "Rodrigue-Lemieux, Shawn"]
[Black "Yu, Zong Yang"]
[Result "0-1"]
[WhiteElo "2298"]
[BlackElo "2522"]
[PlyCount "78"]
[EventDate "2018.04.20"]
[EventType "tourn"]
[EventRounds "5"]
[EventCountry "CAN"]

1. e4 c5 2. Nf3 e6 3. d3 Nc6 4. g3 d5 5. Nbd2 Nf6 6. Bg2 Be7 7. O-O O-O 8. e5
Nd7 9. Re1 Qc7 10. Qe2 b5 11. h4 Bb7 12. h5 h6 13. Nf1 Rfc8 14. Bf4 Qd8 15.
N1h2 b4 16. g4 Nf8 17. Kh1 a5 18. Rg1 Nh7 19. Rae1 Rc7 20. Bh3 Ng5 21. Rg3 Rac8
22. Bg2 a4 23. Bc1 Nd4 24. Qd1 a3 25. Nxd4 cxd4 26. Re2 b3 27. axb3 a2 28. Bxg5
Bxg5 29. Qa1 Rxc2 30. Rxc2 Rxc2 31. Qxa2 Rxf2 32. Rf3 Re2 33. Qa7 Qc7 34. Rf1
Be3 35. Nf3 Rxb2 36. Nxd4 Qd8 37. Rf3 Qh4+ 38. Bh3 Qe1+ 39. Bf1 Rf2 0-1

[Event "Quebec-ch U20 inv."]
[Site "Montreal CAN"]
[Date "2018.04.22"]
[Round "4"]
[White "Ouellet, Maili-Jade"]
[Black "Rodrigue-Lemieux, Shawn"]
[Result "0-1"]
[WhiteElo "2314"]
[BlackElo "2298"]
[PlyCount "106"]
[EventDate "2018.04.20"]
[EventType "tourn"]
[EventRounds "5"]
[EventCountry "CAN"]

1. d4 Nf6 2. c4 g6 3. Nc3 Bg7 4. e4 d6 5. f4 O-O 6. Nf3 c5 7. d5 e6 8. Be2 exd5
9. cxd5 Re8 10. Nd2 a6 11. a4 Ng4 12. Nc4 h5 13. Qd3 Bd4 14. Bxg4 hxg4 15. Be3
Bxc3+ 16. bxc3 Rxe4 17. O-O Bf5 18. Qe2 Qc7 19. Rfe1 Nd7 20. a5 Rae8 21. Qa2
Nf6 22. Rad1 R4e7 23. Kf1 Be4 24. Nb6 Bxg2+ 25. Kxg2 Rxe3 26. Rxe3 Rxe3 27. Nc4
Re4 28. Kg1 Qe7 29. Rf1 Re2 30. Qb1 Nxd5 31. Qd3 Ra2 32. f5 g5 33. f6 Nxf6 34.
Nxd6 Qe5 35. Qg3 Qe2 36. Qf2 Qxf2+ 37. Rxf2 Ra1+ 38. Rf1 Rxf1+ 39. Kxf1 Kf8 40.
Ke2 Ke7 41. Nf5+ Ke6 42. Nh6 Nd5 43. Nxg4 f5 44. Nf2 Nxc3+ 45. Kd3 Ne4 46. Nd1
Nd6 47. Ne3 Ke5 48. Ng2 c4+ 49. Ke3 f4+ 50. Ke2 g4 51. Ne1 Nb5 52. Kf2 Ke4 53.
Nc2 Nd4 0-1

[Event "Quebec-ch U20 inv."]
[Site "Montreal CAN"]
[Date "2018.04.22"]
[Round "5"]
[White "Rodrigue-Lemieux, Shawn"]
[Black "Huang, Qiuyu"]
[Result "1/2-1/2"]
[WhiteElo "2298"]
[BlackElo "2249"]
[PlyCount "56"]
[EventDate "2018.04.20"]
[EventType "tourn"]
[EventRounds "5"]
[EventCountry "CAN"]

1. Nf3 d5 2. g3 Nf6 3. Bg2 e6 4. O-O Be7 5. c4 c5 6. cxd5 Nxd5 7. Nc3 Nc6 8. d3
O-O 9. Bd2 b6 10. Nxd5 exd5 11. d4 Bf6 12. Bc3 Be6 13. Rc1 c4 14. Ne5 Rc8 15.
Qa4 Qe8 16. Qc2 Bxe5 17. dxe5 d4 18. Bd2 Qd7 19. Bf4 b5 20. Rfd1 Bd5 21. b3 d3
22. Qb2 Bxg2 23. Kxg2 Nd4 24. bxc4 bxc4 25. exd3 Qd5+ 26. Kh3 Qd7+ 27. Kg2 Qd5+
28. Kh3 Qd7+ 1/2-1/2

[Event "Choc des Generations"]
[Site "Montreal CAN"]
[Date "2018.04.06"]
[Round "1"]
[White "Rodrigue-Lemieux, Shawn"]
[Black "Sambuev, Bator"]
[Result "1/2-1/2"]
[WhiteElo "2160"]
[BlackElo "2517"]
[PlyCount "112"]
[EventDate "2018.04.06"]
[EventType "schev"]
[EventRounds "5"]
[EventCountry "CAN"]

1. e4 c5 2. Nf3 d6 3. d4 cxd4 4. Qxd4 Nc6 5. Bb5 Bd7 6. Bxc6 Bxc6 7. Nc3 Nf6 8.
Bg5 e6 9. O-O-O Be7 10. Qd3 Qa5 11. Bd2 Qa6 12. Qxa6 bxa6 13. Rhe1 O-O-O 14. h3
Rd7 15. Bf4 Ne8 16. Rd3 Nc7 17. Red1 Rhd8 18. Be3 Kb8 19. Nd4 Ba8 20. Nb3 Rc8
21. f3 Rdd8 22. Rd4 Nb5 23. Nxb5 axb5 24. a4 bxa4 25. Rb4+ Bb7 26. Rxa4 a6 27.
Na5 d5 28. Nxb7 Kxb7 29. exd5 Rxd5 30. Rxd5 exd5 31. Bd4 g6 32. Kd2 Ra8 33. Kd3
Kc6 34. c4 Bd6 35. b4 dxc4+ 36. Kxc4 Kb7 37. Bc5 Bc7 38. Ra3 Rd8 39. Rd3 Rxd3
40. Kxd3 Kc6 41. Kc4 Bd6 42. Bxd6 Kxd6 43. Kd4 Kc6 44. Kc4 Kb6 45. Kc3 Kc7 46.
Kc4 Kc6 47. Kd4 Kb5 48. Kc3 g5 49. Kb3 f5 50. g3 f4 51. gxf4 gxf4 52. h4 h5 53.
Kc3 Ka4 54. Kc4 Ka3 55. Kc3 Ka2 56. Kc2 Ka3 1/2-1/2

[Event "Choc des Generations"]
[Site "Montreal CAN"]
[Date "2018.04.07"]
[Round "2"]
[White "Tremblay, Rejean"]
[Black "Rodrigue-Lemieux, Shawn"]
[Result "1-0"]
[WhiteElo "2179"]
[BlackElo "2160"]
[PlyCount "69"]
[EventDate "2018.04.06"]
[EventType "schev"]
[EventRounds "5"]
[EventCountry "CAN"]

1. d4 d5 2. c4 e6 3. Nc3 Be7 4. cxd5 exd5 5. Bf4 c6 6. Qc2 g6 7. e3 Bf5 8. Qd2
Nf6 9. f3 Nbd7 10. g4 Be6 11. Nge2 h5 12. g5 Nh7 13. h4 Nb6 14. b3 Bd6 15. Bxd6
Qxd6 16. Nf4 O-O 17. Bg2 Rfe8 18. O-O Rad8 19. Rad1 Bf5 20. e4 dxe4 21. fxe4
Bg4 22. Bf3 Bxf3 23. Rxf3 Nf8 24. Qf2 Ne6 25. e5 Qe7 26. Ne4 Kg7 27. Nd6 Rxd6
28. exd6 Qxd6 29. Rf1 Re7 30. Nxh5+ gxh5 31. Rxf7+ Rxf7 32. Qxf7+ Kh8 33. Qe8+
Kh7 34. g6+ Kh6 35. Qh8+ 1-0

[Event "Choc des Generations"]
[Site "Montreal CAN"]
[Date "2018.04.08"]
[Round "5"]
[White "Masse, Hugues"]
[Black "Rodrigue-Lemieux, Shawn"]
[Result "1-0"]
[WhiteElo "2123"]
[BlackElo "2160"]
[PlyCount "83"]
[EventDate "2018.04.06"]
[EventType "schev"]
[EventRounds "5"]
[EventCountry "CAN"]

1. e4 c6 2. d4 d5 3. e5 Bf5 4. Nf3 e6 5. Be2 Nd7 6. O-O Bb4 7. Nbd2 f6 8. exf6
Ngxf6 9. Nh4 O-O 10. Nxf5 exf5 11. Bd3 Ne4 12. f3 Ng5 13. f4 Ne4 14. Nf3 Qf6
15. c3 Ba5 16. Be3 Rfe8 17. Ne5 Rad8 18. g4 Qh6 19. g5 Qh4 20. Bxe4 fxe4 21.
Qg4 Qxg4+ 22. Nxg4 Rf8 23. f5 Bc7 24. Rf2 Nb6 25. b3 Bd6 26. Kg2 a5 27. Rc1 Ba3
28. Rh1 Nc8 29. h4 Nd6 30. f6 Nb5 31. Rc2 Bd6 32. a4 Nc7 33. Rf2 Rd7 34. h5 Ne8
35. Ne5 Bxe5 36. dxe5 Nc7 37. g6 Ne6 38. f7+ Kh8 39. h6 Ra8 40. hxg7+ Kxg7 41.
Rf6 h5 42. Rxh5 1-0

[Event "Mercredi 2018.04.04 ABCD"]
[Site "Montreal CAN"]
[Date "2018.04.04"]
[Round "1"]
[White "Rodrigue-Lemieux, Shawn"]
[Black "Lopez Linares, Lizandro"]
[Result "1-0"]
[WhiteElo "2328"]
[BlackElo "2251"]
[PlyCount "97"]
[EventDate "2018.04.04"]
[EventType "tourn"]
[EventRounds "5"]
[EventCountry "CAN"]

1. d4 Nf6 2. Nf3 d5 3. Bf4 c5 4. e3 cxd4 5. exd4 Nc6 6. c3 Bg4 7. Bd3 e6 8. O-O
Bd6 9. Bg3 O-O 10. Nbd2 Bh5 11. Re1 Rb8 12. Qc2 Bg6 13. Bxg6 hxg6 14. Ne5 Qc7
15. Qd3 b5 16. b4 Bxe5 17. Rxe5 Nxe5 18. Bxe5 Qc6 19. Bxb8 Rxb8 20. Nb3 Qc4 21.
Qxc4 dxc4 22. Nc5 Nd5 23. Rc1 Ra8 24. a4 a5 25. axb5 axb4 26. cxb4 Ra2 27. h4
Nb6 28. Ne4 Ra4 29. Nc3 Ra3 30. Kf1 Rb3 31. Ke2 Rb2+ 32. Ke3 Rxb4 33. Rb1 Rxb1
34. Nxb1 Kf8 35. Kd2 Ke7 36. Kc3 Kd6 37. Na3 Kd5 38. Nc2 Na4+ 39. Kb4 Nb6 40.
Ka5 Nd7 41. f3 f6 42. Ka6 c3 43. Kb7 Kd6 44. b6 e5 45. dxe5+ fxe5 46. Ka7 Kc6
47. b7 Kc7 48. Ne3 Nb8 49. Nd5+ 1-0

[Event "Mercredi 2018.04.04 ABCD"]
[Site "Montreal CAN"]
[Date "2018.04.11"]
[Round "2"]
[White "Tomb, Maroun"]
[Black "Rodrigue-Lemieux, Shawn"]
[Result "1-0"]
[WhiteElo "2249"]
[BlackElo "2328"]
[PlyCount "89"]
[EventDate "2018.04.04"]
[EventType "tourn"]
[EventRounds "5"]
[EventCountry "CAN"]

1. e4 c6 2. Nc3 d5 3. Nf3 Nf6 4. e5 Ne4 5. Ne2 Qb6 6. d4 e6 7. Ng3 c5 8. Bd3
Nxg3 9. hxg3 cxd4 10. Ng5 Nc6 11. Nxh7 Bd7 12. Nf6+ gxf6 13. Rxh8 O-O-O 14. Kf1
fxe5 15. Bg5 Be7 16. Rxd8+ Bxd8 17. Bxd8 Nxd8 18. Rb1 e4 19. Be2 e5 20. Kg1 f5
21. Qd2 Bb5 22. Bxb5 Qxb5 23. Qg5 Qd7 24. g4 fxg4 25. Qxe5 Nc6 26. Qh8+ Kc7 27.
b4 Qd8 28. Qxd8+ Nxd8 29. Kh2 Kd6 30. Kg3 Ke5 31. Kxg4 d3 32. cxd3 exd3 33. f4+
Kd4 34. Kf3 Kc3 35. g4 Kc2 36. Rh1 d2 37. g5 Ne6 38. g6 Ng7 39. Kg4 d1=Q+ 40.
Rxd1 Kxd1 41. f5 Ne8 42. Kg5 d4 43. f6 d3 44. g7 d2 45. g8=Q 1-0

[Event "Mercredi 2018.04.04 ABCD"]
[Site "Montreal CAN"]
[Date "2018.04.18"]
[Round "3"]
[White "Rodrigue-Lemieux, Shawn"]
[Black "Beaulieu, Eric"]
[Result "1-0"]
[WhiteElo "2328"]
[BlackElo "2243"]
[PlyCount "65"]
[EventDate "2018.04.04"]
[EventType "tourn"]
[EventRounds "5"]
[EventCountry "CAN"]

1. e4 c5 2. Nf3 e6 3. d3 d5 4. Nbd2 Nf6 5. g3 Nc6 6. Bg2 Be7 7. O-O O-O 8. e5
Nd7 9. Re1 Qc7 10. Qe2 b6 11. h4 Bb7 12. Nf1 Rfc8 13. Bf4 Qd8 14. N1h2 a5 15.
h5 h6 16. Ng4 a4 17. a3 Bf8 18. Ngh2 Ba6 19. Qd2 b5 20. g4 Qa5 21. Qc1 b4 22.
g5 hxg5 23. Bxg5 bxa3 24. bxa3 Nd4 25. h6 Qc3 26. Ra2 Nxf3+ 27. Nxf3 Qa5 28.
Qf4 g6 29. h7+ Kg7 30. Bf6+ Nxf6 31. Qxf6+ Kxh7 32. Ng5+ Kh6 33. Nxf7+ 1-0

[Event "Mercredi 2018.04.04 ABCD"]
[Site "Montreal CAN"]
[Date "2018.04.25"]
[Round "4"]
[White "Tremblay, Alain"]
[Black "Rodrigue-Lemieux, Shawn"]
[Result "0-1"]
[WhiteElo "2091"]
[BlackElo "2328"]
[PlyCount "104"]
[EventDate "2018.04.04"]
[EventType "tourn"]
[EventRounds "5"]
[EventCountry "CAN"]

1. e4 c6 2. d4 d5 3. exd5 cxd5 4. Bd3 Nc6 5. c3 Qc7 6. Ne2 Bg4 7. O-O Nf6 8.
Qe1 e6 9. Bf4 Bd6 10. Bg3 O-O 11. Na3 a6 12. Nc2 Rfe8 13. Ne3 Bh5 14. Bxd6 Qxd6
15. Ng3 Bg6 16. Bxg6 hxg6 17. Qd1 b5 18. a3 Rec8 19. Re1 a5 20. Ng4 b4 21. axb4
axb4 22. Ne5 Nd7 23. Nxd7 Qxd7 24. h4 Rxa1 25. Qxa1 bxc3 26. bxc3 Qc7 27. h5
gxh5 28. Nxh5 Ne7 29. Re3 Nf5 30. Rf3 Qd8 31. Qe1 Qg5 32. Rh3 Nh4 33. Ng3 Qg4
34. Qe2 Qg5 35. Qh5 Qxh5 36. Nxh5 Nf5 37. Nf4 Ra8 38. Rd3 Ra1+ 39. Kh2 g5 40.
Nh5 Kh7 41. Nf6+ Kg6 42. Nd7 Ra2 43. Kg1 Nd6 44. Ne5+ Kg7 45. Rf3 f6 46. Nd7
Ne4 47. g3 Ra3 48. Kg2 g4 49. Rf4 f5 50. f3 Ra2+ 51. Kf1 Nxg3+ 52. Ke1 Ne2 0-1

[Event "Mercredi 2018.04.04 ABCD"]
[Site "Montreal CAN"]
[Date "2018.05.02"]
[Round "5"]
[White "Rodrigue-Lemieux, Shawn"]
[Black "Zheng, Richard"]
[Result "1-0"]
[WhiteElo "2328"]
[BlackElo "2094"]
[PlyCount "53"]
[EventDate "2018.04.04"]
[EventType "tourn"]
[EventRounds "5"]
[EventCountry "CAN"]

1. Nf3 d5 2. g3 e6 3. Bg2 f5 4. O-O Nf6 5. d3 Bd6 6. Nbd2 O-O 7. Re1 e5 8. e4
fxe4 9. dxe4 d4 10. Nc4 Qe7 11. c3 c5 12. b4 b6 13. bxc5 bxc5 14. Ba3 Rd8 15.
Nxd6 Qxd6 16. cxd4 Bg4 17. dxe5 Qxd1 18. Raxd1 Rxd1 19. Rxd1 Nfd7 20. e6 Bxe6
21. Ng5 Bg4 22. f3 Bh5 23. Bh3 h6 24. Be6+ Kh8 25. g4 Bg6 26. Nh3 Be8 27. Bd5
1-0

[Event "Trois-Rivieres op"]
[Site "Trois-Rivieres CAN"]
[Date "2018.03.16"]
[Round "1.8"]
[White "Rodrigue-Lemieux, Shawn"]
[Black "Marcone, Malcom"]
[Result "1-0"]
[WhiteElo "2317"]
[BlackElo "2019"]
[PlyCount "125"]
[EventDate "2018.03.16"]
[EventType "swiss"]
[EventRounds "5"]
[EventCountry "CAN"]

1. Nf3 e6 2. g3 f5 3. Bg2 Nf6 4. O-O Be7 5. d3 O-O 6. b3 d6 7. Bb2 e5 8. Nbd2
Nc6 9. Re1 Qe8 10. e4 fxe4 11. Nxe4 Nxe4 12. dxe4 Qh5 13. Qd3 Bg4 14. Nd2 Rf6
15. f3 Bh3 16. Bxh3 Qxh3 17. Qf1 Qh5 18. c3 Raf8 19. Qe2 Nd8 20. Qg2 Ne6 21.
Re3 Rg6 22. Rae1 Bg5 23. Nf1 Bxe3+ 24. Rxe3 Nf4 25. Qd2 Nh3+ 26. Kg2 Ng5 27.
Qe2 Qh3+ 28. Kg1 h5 29. Qg2 Qxg2+ 30. Kxg2 h4 31. Nd2 h3+ 32. Kf2 Rgf6 33. Ke2
Ne6 34. b4 c6 35. a4 g5 36. g4 R6f7 37. Rd3 Rd7 38. Nc4 b5 39. Na5 Rc8 40. Kf2
c5 41. axb5 cxb4 42. c4 Nc5 43. Rd5 Rf8 44. Ke2 Rdf7 45. Rxd6 Rxf3 46. Bxe5
Nxe4 47. Rg6+ Kh7 48. Rg7+ Kh6 49. Rxa7 Nc3+ 50. Kd2 Rf2+ 51. Ke3 Re2+ 52. Kd4
Rd8+ 53. Kc5 Rxe5+ 54. Kxb4 Ne4 55. Nc6 Ree8 56. Nxd8 Rxd8 57. Ra3 Nf2 58. b6
Nxg4 59. Rxh3+ Kg6 60. c5 Ne5 61. Kb5 Kf7 62. b7 Nd7 63. c6 1-0

[Event "Trois-Rivieres op"]
[Site "Trois-Rivieres CAN"]
[Date "2018.03.17"]
[Round "2.7"]
[White "Mahdjoubi, Abdelaziz"]
[Black "Rodrigue-Lemieux, Shawn"]
[Result "0-1"]
[WhiteElo "1854"]
[BlackElo "2317"]
[PlyCount "52"]
[EventDate "2018.03.16"]
[EventType "swiss"]
[EventRounds "5"]
[EventCountry "CAN"]

1. e4 c6 2. d4 d5 3. e5 Bf5 4. Ne2 e6 5. Ng3 Bg6 6. h4 h5 7. Bd3 Bxd3 8. cxd3
Nd7 9. f4 g6 10. Nd2 Nh6 11. Nf3 Qb6 12. Qe2 c5 13. O-O cxd4 14. Ng5 Be7 15. f5
Nxf5 16. Rxf5 exf5 17. e6 fxe6 18. Nxe6 Kf7 19. Ng5+ Bxg5 20. Bxg5 Rae8 21. Qf3
Qe6 22. Rc1 Rc8 23. Rxc8 Rxc8 24. Ne2 Ne5 25. Qg3 Ng4 26. Nxd4 Qb6 0-1

[Event "Trois-Rivieres op"]
[Site "Trois-Rivieres CAN"]
[Date "2018.03.17"]
[Round "3.1"]
[White "Rodrigue-Lemieux, Shawn"]
[Black "Mikhalevski, Victor"]
[Result "0-1"]
[WhiteElo "2317"]
[BlackElo "2557"]
[PlyCount "78"]
[EventDate "2018.03.16"]
[EventType "swiss"]
[EventRounds "5"]
[EventCountry "CAN"]

1. d4 Nf6 2. Bf4 d5 3. e3 c5 4. dxc5 Nc6 5. Nf3 Bg4 6. Be2 e6 7. O-O Bxc5 8.
Nbd2 O-O 9. c4 Qe7 10. Bg5 Rfd8 11. cxd5 Rxd5 12. e4 Rdd8 13. Rc1 Bb4 14. Rxc6
bxc6 15. e5 Bxf3 16. Bxf3 Bxd2 17. Bxd2 Nd5 18. Qc2 Nb4 19. Qc3 Rab8 20. a3 Rd3
21. Qc1 Nd5 22. b4 Qh4 23. Re1 Qd8 24. Re4 Ne7 25. Bg5 h6 26. Be3 Nf5 27. Be2
Rd5 28. Bxa7 Ra8 29. Bc5 Nd4 30. Bc4 Nf3+ 31. gxf3 Rd1+ 32. Qxd1 Qxd1+ 33. Kg2
Rxa3 34. Be2 Qc2 35. Bc4 Ra1 36. Rd4 Qg6+ 37. Rg4 Qb1 38. Kg3 Qh1 39. Kf4 Qxh2+
0-1

[Event "Trois-Rivieres op"]
[Site "Trois-Rivieres CAN"]
[Date "2018.03.18"]
[Round "4.4"]
[White "Dukic, Zachary"]
[Black "Rodrigue-Lemieux, Shawn"]
[Result "0-1"]
[WhiteElo "2254"]
[BlackElo "2317"]
[PlyCount "80"]
[EventDate "2018.03.16"]
[EventType "swiss"]
[EventRounds "5"]
[EventCountry "CAN"]

1. e4 c6 2. d4 d5 3. Nd2 dxe4 4. Nxe4 Nf6 5. Nxf6+ exf6 6. c3 Bd6 7. Bd3 O-O 8.
Ne2 Nd7 9. Qc2 g6 10. h4 Re8 11. Bd2 Nf8 12. O-O-O Bf5 13. Bxf5 Rxe2 14. Be4
Rxf2 15. Qd3 Ne6 16. Bf3 Qb6 17. h5 Bf4 18. hxg6 hxg6 19. Bg4 Ng5 20. g3 Bxd2+
21. Rxd2 Rxd2 22. Qxd2 Qd8 23. Qh2 Kf8 24. Bd1 Qe8 25. Qh6+ Ke7 26. Re1+ Ne6
27. Bb3 Rd8 28. Qg7 Rd6 29. Rxe6+ Rxe6 30. Bxe6 Kxe6 31. Qh6 Ke7 32. Qf4 Qd7
33. Kd2 Qd6 34. Qh4 Qd5 35. a3 Qg5+ 36. Qxg5 fxg5 37. c4 Ke6 38. Ke3 f5 39. b3
g4 40. a4 a5 0-1

[Event "Trois-Rivieres op"]
[Site "Trois-Rivieres CAN"]
[Date "2018.03.18"]
[Round "5.3"]
[White "Rodrigue-Lemieux, Shawn"]
[Black "Nicula, Marius"]
[Result "1-0"]
[WhiteElo "2317"]
[BlackElo "2187"]
[PlyCount "67"]
[EventDate "2018.03.16"]
[EventType "swiss"]
[EventRounds "5"]
[EventCountry "CAN"]

1. e4 g6 2. Nc3 Bg7 3. Bc4 e6 4. Nf3 Ne7 5. d4 d5 6. Bd3 b6 7. O-O O-O 8. exd5
exd5 9. Re1 Nbc6 10. Bg5 Be6 11. Bb5 Qd6 12. Qd2 a6 13. Bf1 Rfe8 14. Bf4 Qd7
15. Ne5 Nxe5 16. dxe5 c5 17. Rad1 Qc7 18. h3 b5 19. Bg3 b4 20. Na4 Qa5 21. b3
Bd7 22. Bh4 Nf5 23. Bf6 Bxa4 24. bxa4 Nd4 25. Bxg7 Kxg7 26. e6 fxe6 27. Qf4
Nxc2 28. Re2 Nd4 29. Ree1 Ra7 30. Rxd4 e5 31. Rxe5 Rf7 32. Qg3 Ref8 33. Rdxd5
Rxf2 34. Re7+ 1-0

[Event "Mercredi 2018.02.21 ABCD"]
[Site "Montreal CAN"]
[Date "2018.02.21"]
[Round "1"]
[White "Langlois-Remillard, Alexis"]
[Black "Rodrigue-Lemieux, Shawn"]
[Result "0-1"]
[WhiteElo "2068"]
[BlackElo "2317"]
[PlyCount "56"]
[EventDate "2018.02.21"]
[EventType "tourn"]
[EventRounds "5"]
[EventCountry "CAN"]

1. e4 c6 2. d4 d5 3. Nc3 dxe4 4. Nxe4 Nf6 5. Ng3 g6 6. Nf3 Bg7 7. Bc4 O-O 8.
O-O Nbd7 9. Re1 b5 10. Bb3 Nd5 11. a4 Bb7 12. Bxd5 cxd5 13. axb5 Re8 14. Ra3
Qb6 15. Rae3 e6 16. Rb3 Rac8 17. Be3 Rc4 18. Ne2 Rcc8 19. Ng3 Ba8 20. Qd3 Qb7
21. Ra1 Bf8 22. Ne2 Red8 23. Bd2 Rc4 24. Rc3 e5 25. Rxc4 e4 26. Qe3 dxc4 27.
Ne5 Nxe5 28. dxe5 Rxd2 0-1